Producing high-impact learning tools : (Record no. 2429)
[ view plain ]
| 000 -LEADER | |
|---|---|
| fixed length control field | 00835nam a2200265 a 4500 |
| 001 - CONTROL NUMBER | |
| control field | 2429 |
| 003 - CONTROL NUMBER IDENTIFIER | |
| control field | BD-DhBUF |
| 005 - DATE AND TIME OF LATEST TRANSACTION | |
| control field | 20250628151038.0 |
| 008 - FIXED-LENGTH DATA ELEMENTS--GENERAL INFORMATION | |
| fixed length control field | 950616s1995 caua 000 0 eng d |
| 010 ## - LIBRARY OF CONGRESS CONTROL NUMBER | |
| LC control number | 95068865 |
| 020 ## - INTERNATIONAL STANDARD BOOK NUMBER | |
| International Standard Book Number | 1883553458 |
| 035 ## - SYSTEM CONTROL NUMBER | |
| System control number | (OCoLC)35362503 |
| 040 ## - CATALOGING SOURCE | |
| Original cataloging agency | MSC |
| Transcribing agency | MSC |
| Modifying agency | DLC |
| 042 ## - AUTHENTICATION CODE | |
| Authentication code | lccopycat |
| 050 04 - LIBRARY OF CONGRESS CALL NUMBER | |
| Classification number | HF5549.5.T7 |
| Item number | W316 1995 |
| 082 00 - DEWEY DECIMAL CLASSIFICATION NUMBER | |
| Classification number | 658.3/12404 |
| Edition number | 21 |
| 100 1# - MAIN ENTRY--PERSONAL NAME | |
| Personal name | Wade, Pamela A. |
| 9 (RLIN) | 1230 |
| 245 10 - TITLE STATEMENT | |
| Title | Producing high-impact learning tools : |
| Remainder of title | a practical guide to developing effective training materials / |
| Statement of responsibility, etc. | Pamela A. Wade. |
| 260 ## - PUBLICATION, DISTRIBUTION, ETC. | |
| Place of publication, distribution, etc. | Irvine, Calif. : |
| Name of publisher, distributor, etc. | Richard Chang Associates, |
| Date of publication, distribution, etc. | c1995. |
| 300 ## - PHYSICAL DESCRIPTION | |
| Extent | vii, 107 p. : |
| Other physical details | ill. ; |
| Dimensions | 26 cm. |
| 440 #0 - SERIES STATEMENT/ADDED ENTRY--TITLE | |
| Title | High-impact training series |
| 9 (RLIN) | 3808 |
| 440 #2 - SERIES STATEMENT/ADDED ENTRY--TITLE | |
| Title | A Practical guidebook |
| 650 #0 - SUBJECT ADDED ENTRY--TOPICAL TERM | |
| Topical term or geographic name entry element | Employees |
| General subdivision | Training of. |
| 9 (RLIN) | 2463 |
| 942 ## - ADDED ENTRY ELEMENTS (KOHA) | |
| Source of classification or shelving scheme | Dewey Decimal Classification |
| Koha item type | Books |
| Withdrawn status | Lost status | Source of classification or shelving scheme | Damaged status | Not for loan | Home library | Current library | Date acquired | Total Checkouts | Full call number | Barcode | Date last seen | Copy number | Price effective from | Koha item type |
|---|---|---|---|---|---|---|---|---|---|---|---|---|---|---|
| Dewey Decimal Classification | BUFT Library | BUFT Library | 04/16/2002 | 658.312404 W1191p 1995 | 2002-0037 | 06/28/2025 | C-1 | 06/28/2025 | Books |
